Arqueología del depósito : manejo integral de las colecciones bioantropológicas en el Departamento de Antropología de la Universidad de Chile /

El Departamento de Antropología de la Facultad de Ciencias Sociales de la Universidad de Chile1, es depositario desde la década de 1950 de una valiosa colección de material bioantropológico que constituye una importante fuente de información científica y cultural para innumerables investigaciones y...

Descripción completa

Detalles Bibliográficos
Otros Autores: Aspillaga Lafontaine, Eugenio, Lemp Urzúa, Cecilia, Rodríguez Balboa, Mónica, Retamal Yermani, Rodrigo
Formato: Analitica de revista
Lenguaje:español
Publicado: Santiago, Chile Centro Nacional de Conservación y Restauración 2008
Materias:

MARC

LEADER 00000cab a2200000 a 4500
001 029187
003 UAHC_CL
005 20180803140545.0
008 140120s2008 cl 000 spa
952 |0 0  |1 0  |4 0  |6 CONSERVA_12_08_000000000000000  |7 0  |8 General  |9 57399  |a BC  |b BC  |c General  |d 2017-08-03  |l 0  |o CONSERVA-12/08  |p FICTICIO19051  |r 2019-01-08 00:00:00  |t 1  |w 2017-08-03  |y REVA 
999 |c 29187  |d 29187 
040 |a UAHC_CL  |c UAHC_CL  |d UAHC_CL 
245 1 0 |a Arqueología del depósito :  |b manejo integral de las colecciones bioantropológicas en el Departamento de Antropología de la Universidad de Chile /  |c Cecilia Lemp Urzúa ...[et. al.]. 
260 |b Centro Nacional de Conservación y Restauración  |c 2008  |a Santiago, Chile 
300 |a pp. 69-96 
310 |a Anual. 
362 0 |a Año 1, no. 1 (nov. 2002)- . 
362 0 |a Año 1, no. 1 (nov. 2002)- . 
500 |a En: Conserva. no. 12, 2008. pp. 69-96. ISSN. 0717-3539. 
520 |a El Departamento de Antropología de la Facultad de Ciencias Sociales de la Universidad de Chile1, es depositario desde la década de 1950 de una valiosa colección de material bioantropológico que constituye una importante fuente de información científica y cultural para innumerables investigaciones y actividades docentes.\ Los distintos procesos históricos y administrativos por los que ha pasado la institución originaron que estas colecciones sufrieran problemas de conservación y administración. Dicha situación fomentó la iniciativa de dos proyectos Fundación Andes (C-236032 y C- 23922-253) para la puesta en valor y manejo de colecciones, como solución al problema. La formulación y desarrollo de las propuestas fue llevada a cabo por un grupo multidisciplinario de profesionales de Arqueología y Antropología Física de la referida institución académica, así como profesionales del Centro Nacional de Conservación y Restauración (CNCR) y del Centro de Documentación de Bienes Patrimoniales (CDBP), ambos de la Dirección de Bibliotecas, Archivos y Museos (DIBAM). \El presente artículo describe los procesos llevados a cabo para la conservación y puesta en valor del material bioantropológico, destacando sus aspectos metodológicos y técnicos. La experiencia de los mencionados proyectos ejemplifica el papel que pueden tener distintas instituciones públicas como nuestra Casa de Estudios, que como depositarias de bienes patrimoniales, tienen la misión de darle valor a este material para su estudio y difusión. 
610 2 4 |a UNIVERSIDAD DE CHILE  |x HISTORIA 
650 4 |a CONSERVACION Y RESTAURACION DE MONUMENTOS  |x INVESTIGACIONES  |z CHILE 
650 4 |a ARCHIVOS  |x CONSERVACION Y RESTAURACION  |z CHILE 
653 |a LICENCIATURA EN HISTORIA 
653 |a PEDAGOGIA EN HISTORIA Y CIENCIAS SOCIALES 
700 1 |a Aspillaga Lafontaine, Eugenio 
700 1 |a Lemp Urzúa, Cecilia 
700 1 |a Rodríguez Balboa, Mónica 
700 1 |a Retamal Yermani, Rodrigo 
700 1 |a Lemp Urzúa, Cecilia 
700 1 |a Rodríguez Balboa, Mónica 
773 0 |t Conserva : Revista del Centro Nacional de Conservación y Restauración  |w 029128 
900 |a CONSERVA-12/08 
942 |c REVA  |2 ddc